00710nam a2200229 a 450000100060000000300080000600500170001400800410003103500190007203500180009104000400010904100080014908200200015710000330017724500660021026000470027630000470032349000210037050400310039160000330042270000250045517631BD-RjUL20211209000153.0140217s1964 enkch b 000 0 eng d a(BD-RjUL)17689 a(OCoLC)229246 aDLCcOClUdOCoLCdDLCdBD-RjULbeng aeng a822.3bCHB 19641 aChapman, Georged1559?-1634.10aBussy D'Ambois /cGeorge Chapman ; Edited by Nicholas Brooke. aLondon :bHarvard University Press,cc1964 alxxvi, 169 p. :bport., facsims. ;c21 cm.0 aThe Revels plays aBibliographical footnotes.20aBussy d'Amboise,d1549?-15791 aLordi, Robert Jeed.